000 00389nam a22001697a 4500
005 20160517163745.0
008 160517b xxu||||| |||| 00| 0 eng d
020 _a978-81-7596-029-9
041 _aeng
082 _b2628
100 _aRaymond Murphy
_9718
245 _aEssential English Grammer
260 _bCambridge
_c2009
300 _a292
650 _aManagement
_9241
942 _cBK
999 _c959
_d959